00430nam a2200145Ia 4500008004100000020001800041041001200059082001800071100002200089245005900111260002700170300001300197400002400210650005000234231217s9999 xx 000 0 und d a81-7625-443-6 aEnglish a370 COL;1 R aCole, Percival R. 0aProphets of education Vol.10 : the educational thought c2004bSarupaNew Delhi avii, 334 aA continuing series aProphets,education,Vol.10,educational,thought